Negotiating in the European Union : (Record no. 5148)
[ view plain ]
| 000 -LEADER | |
|---|---|
| fixed length control field | 00563cam a22001935a 4500 |
| 001 - CONTROL NUMBER | |
| control field | 0000005348 |
| 005 - DATE AND TIME OF LATEST TRANSACTION | |
| control field | 20170406120545.0 |
| 008 - FIXED-LENGTH DATA ELEMENTS--GENERAL INFORMATION | |
| fixed length control field | 980224s1997 enk 000 0 eng |
| 010 ## - LIBRARY OF CONGRESS CONTROL NUMBER | |
| LC control number | 98118594 |
| 020 ## - INTERNATIONAL STANDARD BOOK NUMBER | |
| International Standard Book Number | 0712677593 |
| 035 ## - SYSTEM CONTROL NUMBER | |
| -- | (DLC) 98118594 |
| 040 ## - CATALOGING SOURCE | |
| Original cataloging agency | DLC |
| Transcribing agency | DLC |
| 050 00 - LIBRARY OF CONGRESS CALL NUMBER | |
| Classification number | ACQUISITION IN PROCESS |
| 100 1# - MAIN ENTRY--PERSONAL NAME | |
| Personal name | Humphreys, James. |
| 245 10 - TITLE STATEMENT | |
| Title | Negotiating in the European Union : |
| Remainder of title | how to make Brussels machine work for you / |
| Statement of responsibility, etc. | James Humphreys. |
| 260 ## - PUBLICATION, DISTRIBUTION, ETC. | |
| Place of publication, distribution, etc. | London : |
| Name of publisher, distributor, etc. | Century, |
| Date of publication, distribution, etc. | 1997. |
| 300 ## - PHYSICAL DESCRIPTION | |
| Extent | 244 p. |
| 908 ## - PUT COMMAND PARAMETER (RLIN) | |
| Put command parameter | 141212 |
| Withdrawn status | Lost status | Source of classification or shelving scheme | Damaged status | Not for loan | Home library | Current library | Shelving location | Date acquired | Total Checkouts | Full call number | Barcode | Date last seen | Copy number | Price effective from | Koha item type |
|---|---|---|---|---|---|---|---|---|---|---|---|---|---|---|---|
| CUZ Harare Campus | CUZ Harare Campus | Open Shelf | 06.04.2017 | HC 241.2 .H927 | BK0006096 | 22.05.2025 | CU12803 | 06.04.2017 | OS Book |